First 20 Elements In Order - Whammies - Statistics

General Stats
  • This quiz has been taken 378 times
  • The average score is 3 of 20
Answer Stats
# Element % Correct
1 Hydrogen
100%
2 Helium
40%
3 Lithium
21%
4 Beryllium
18%
5 Boron
17%
6 Carbon
16%
8 Oxygen
16%
7 Nitrogen
14%
9 Fluorine
12%
10 Neon
12%
11 Sodium
11%
13 Aluminum
8%
12 Magnesium
8%
14 Silicon
8%
15 Phosphorus
6%
18 Argon
5%
17 Chlorine
5%
16 Sulfur
5%
20 Calcium
4%
19 Potassium
4%
No matching quizzes found
Score Distribution
Percent of People with Each Score
Percentile by Number Answered
Your Score History
You have not taken this quiz